000
00340nam a2200157Ia 4500
008
210210b1889 xxu||||| |||| 00| 0 eng d
041
_a
eng
082
_a
829/158
100
_a
COLLINS (W W)
245
_a
Bitter Bit
260
_a
Madras
_b
-
_c
1889
650
_a
Bitter
650
_a
Bit
690
_a
English Fiction
906
_a
016764
999
_c
136445
_d
136445